000 00397nam a2200157 i 4500
001 bg
100 1 _aKUROWSKI, Leon
245 0 _aKontrola finansowa /
_cLeon Kurowski, Hanna Sochacka-Krysiakowa.
250 _aWyd.3 uzup.
260 _aWarszawa,
_c1976.
700 1 _aSOCHACKA-KRYSIAKOWA, Hanna
040 _cBPK
041 _apol
942 _cKS
008 s pl f |000 0 pol
999 _c27469
_d27469
856 _uhttp://koha.tu.koszalin.pl/cgi-bin/koha/opac-detail.pl?biblionumber=27469
_yKatalog online BPK